They'll Find You - Griffinilla Lyrics - Statistics

General Stats
  • This quiz has been taken 5 times
  • The average score is 108 of 153
Answer Stats
Answer % Correct
a
100%
an
100%
and
100%
And
100%
find
100%
Find
100%
In
100%
It
100%
the
100%
The
100%
There
100%
They'll
100%
to
100%
was
100%
you
100%
back
75%
band's
75%
Bonnie,
75%
Chica
75%
corner!
75%
cuts
75%
deep
75%
doesn't
75%
for
75%
fox
75%
Foxy,
75%
Freddy,
75%
from
75%
go
75%
horror!
75%
is
75%
It's
75%
matter
75%
no
75%
of
75%
Oh,
75%
playin'
75%
terror
75%
There's
75%
together
75%
We
75%
when
75%
Where
75%
where
75%
who
75%
ago
50%
airshaft
50%
bear
50%
bears
50%
behind
50%
blind
50%
bun
50%
chick
50%
children
50%
eyepatch
50%
fur
50%
gawks
50%
gunnin'
50%
introduction
50%
long
50%
many
50%
meal
50%
off
50%
on
50%
perturbing
50%
place
50%
quartet
50%
reconstruction
50%
Refurbished
50%
returns
50%
servo
50%
shot
50%
show
50%
spots
50%
Terrorize
50%
thick
50%
Turn
50%
turning
50%
Unserviced
50%
who's
50%
will
50%
would
50%
years
50%
your
50%
box
25%
Check
25%
clock
25%
close
25%
come
25%
comes
25%
curtain
25%
dark
25%
ensnare
25%
game
25%
lights
25%
mascots
25%
mask
25%
Put
25%
Shun
25%
suit
25%
thoughts
25%
toy
25%
Wind
25%
No matching quizzes found
Score Distribution
Percent of People with Each Score
Percentile by Number Answered
Your Score History
You have not taken this quiz